Faculty of Law Library — Cairo University

Official Online Catalog

Droit Admnistratif Allemand . (Record no. 76325)

MARC details
000 -LEADER
fixed length control field 01013nam a2200313 i 4500
003 - CONTROL NUMBER IDENTIFIER
control field EG-GICUC
005 - DATE AND TIME OF LATEST TRANSACTION
control field 20260508185820.0
008 - FIXED-LENGTH DATA ELEMENTS--GENERAL INFORMATION
fixed length control field 260508t1906 fr ||||fr|||| 00| 0 fre d
040 ## - CATALOGING SOURCE
Original cataloging agency EG-GiCUC
Language of cataloging fre
Transcribing agency EG-GiCUC
Modifying agency EG-GiCUC
Description conventions Rda
041 ## - LANGUAGE CODE
Language code of text/sound track or separate title fre
082 04 - DEWEY DECIMAL CLASSIFICATION NUMBER
Edition number 21
Classification number 345.043
Item number MA.D
092 04 - LOCALLY ASSIGNED DEWEY CALL NUMBER (OCLC)
Edition number 21
099 ## - LOCAL FREE-TEXT CALL NUMBER (OCLC)
Classification number Law1 07 345.043 MA.D 1906
100 1# - MAIN ENTRY--PERSONAL NAME
Personal name Mayer , Otto
Relator term Auteur
245 ## - TITLE STATEMENT
Title Droit Admnistratif Allemand .
Number of part/section of a work Tome Quatrieme ,
Name of part/section of a work Partie Special /
Statement of responsibility, etc. Otto Mayer .
264 ## - PRODUCTION, PUBLICATION, DISTRIBUTION, MANUFACTURE, AND COPYRIGHT NOTICE
Place of production, publication, distribution, manufacture Paris :
Name of producer, publisher, distributor, manufacturer V. GIARD & E. BRIERE ,
Date of production, publication, distribution, manufacture, or copyright notice 1906.
300 ## - PHYSICAL DESCRIPTION
Extent 405 page ;
Dimensions 24 cm.
336 ## - CONTENT TYPE
Source rda contenu
Content type term texte
337 ## - MEDIA TYPE
Source rda medias
Media type term Ordinateur
338 ## - CARRIER TYPE
Source transporteur rda
Carrier type term Ressource en ligne
490 ## - SERIES STATEMENT
Series statement BIBLIOTHEQUE INTERNATIONALE DE DROIT PUBLIC
546 ## - LANGUAGE NOTE
Language note Texte en français
650 1# - SUBJECT ADDED ENTRY--TOPICAL TERM
Topical term or geographic name entry element Droit administratif
Geographic subdivision Allemagne
651 1# - SUBJECT ADDED ENTRY--GEOGRAPHIC NAME
Source of heading or term qrmak
700 1# - ADDED ENTRY--PERSONAL NAME
Personal name H. BERTHÉLEMY
Relator term Contributeur
856 40 - ELECTRONIC LOCATION AND ACCESS
Uniform Resource Identifier <a href="https://fll.law.cu.edu.eg/fulltext/bks/B07-06288.pdf">https://fll.law.cu.edu.eg/fulltext/bks/B07-06288.pdf</a>
905 ## - Cataloger and Reviser Names
Cataloger Name: Hager Sameh
942 ## - ADDED ENTRY ELEMENTS (KOHA)
Source of classification or shelving scheme Dewey Decimal Classification
Koha item type Books
Edition 21
Suppress in OPAC No
Holdings
Withdrawn status Lost status Source of classification or shelving scheme Materials specified (bound volume or other part) Damaged status Not for loan Collection Home library Current library Date acquired Total checkouts Full call number Barcode Date last seen Copy number Price effective from Koha item type
    Dewey Decimal Classification V4   Not for loan القانون الإداري جــــامعة القــاهرة مكتبة كلية الحقوق - المبنى الرئيسي 08.05.2026   Law1 07 345.043 MA.D 1906 0706288 V4 C1 B07-06288 08.05.2026 1 08.05.2026 Books

© All rights reserved — Faculty of Law, Cairo University